[Event "SUI-chT Wollishofen-Joueur"]
[Site "?"]
[Date "2009.03.22"]
[Round "2.3"]
[White "Moor, Olivier"]
[Black "Netzer, Jean"]
[Result "1-0"]
[WhiteElo "2368"]
[BlackElo "2367"]
[PlyCount "143"]
[EventDate "2009.??.??"]
[SourceDate "2001.01.01"]

1. d4 Nf6 2. c4 g6 3. Nc3 Bg7 4. e4 d6 5. Be2 O-O 6. Bg5 c5 7. d5 b5 8. cxb5 a6
9. a4 Qa5 10. Bd2 axb5 11. Bxb5 Ba6 12. Ra3 Nbd7 13. Nf3 Bxb5 14. Nxb5 Qb6 15.
Qc2 Rfb8 16. O-O Qb7 17. b3 Qc8 18. Bc1 Nb6 19. Nd2 Nfd7 20. Nc4 Ne5 21. Bf4
Nbd7 22. Ra2 Ra6 23. Bd2 Rba8 24. f4 Ng4 25. h3 Ngf6 26. Qd3 Qb7 27. Rc2 Nb6
28. Nxb6 Rxb6 29. Bc3 Rba6 30. Kh2 Rd8 31. Rd2 Raa8 32. Bb2 Rac8 33. Na3 Rb8
34. Rf3 e6 35. Nc4 exd5 36. exd5 Qd7 37. Re3 Re8 38. Rde2 Kf8 39. Rxe8+ Rxe8
40. Rxe8+ Nxe8 41. Bxg7+ Nxg7 42. Nb6 Qa7 43. Qb5 Nf5 44. a5 Nd4 45. Qd7 Qxd7
46. Nxd7+ Ke7 47. a6 Nb5 48. Nb8 Kd8 49. Nc6+ Kc8 50. a7 Kb7 51. Nd8+ Kxa7 52.
Nxf7 Kb6 53. g4 Kc7 54. Ng5 Nc3 55. Nxh7 Nxd5 56. Kg3 Ne7 57. Kf3 d5 58. Ke3
Kd6 59. Nf8 Kc6 60. Kd3 Kd6 61. h4 Kc6 62. Ne6 Kd6 63. Ng5 Ng8 64. Nf7+ Ke6 65.
Ne5 Ne7 66. Nxg6 Nc6 67. Ne5 Na5 68. Kc2 Nb7 69. h5 Kf6 70. g5+ Kg7 71. f5 Nd6
72. f6+ 1-0

[Event "SUI-chT Joueur-Wollishofen"]
[Site "?"]
[Date "2009.03.22"]
[Round "2.4"]
[White "Gallagher, Joseph"]
[Black "Hochstrasser, Michael"]
[Result "1-0"]
[WhiteElo "2474"]
[BlackElo "2358"]
[PlyCount "45"]
[EventDate "2009.??.??"]
[SourceDate "2001.01.01"]

1. e4 e6 2. d4 d5 3. Nc3 Bb4 4. e5 c5 5. a3 Bxc3+ 6. bxc3 Ne7 7. Qg4 O-O 8. Bd3
Nbc6 9. Bg5 Qa5 10. Ne2 Qa4 11. h4 c4 12. Bxh7+ Kxh7 13. Kd2 Rh8 14. h5 f5 15.
Qh4 Re8 16. Nf4 Nxd4 17. cxd4 c3+ 18. Kc1 Nc6 19. Qg3 Nxd4 20. Ra2 Rg8 21. Be7
Kh8 22. h6 g6 23. h7 1-0

[Event "SUI-chT Wollishofen-Joueur"]
[Site "?"]
[Date "2009.03.22"]
[Round "2.5"]
[White "Moor, Roger"]
[Black "Lehtivaara, Petri"]
[Result "1/2-1/2"]
[WhiteElo "2337"]
[BlackElo "2360"]
[PlyCount "116"]
[EventDate "2009.??.??"]
[SourceDate "2001.01.01"]

1. Nf3 Nf6 2. c4 e6 3. g3 a6 4. Nc3 d5 5. cxd5 exd5 6. Bg2 Be7 7. O-O O-O 8. d3
d4 9. Ne4 Nc6 10. Nxf6+ Bxf6 11. Nd2 Be6 12. b3 Bd5 13. Bh3 Re8 14. Ba3 Be7 15.
Bb2 Bc5 16. a3 Ba7 17. b4 Qg5 18. Bg2 Bxg2 19. Kxg2 Qd5+ 20. Kg1 Re6 21. Re1
Rae8 22. Nf3 Ne5 23. Nxe5 Rxe5 24. Qd2 Qe6 25. Qf4 Qh3 26. Qf3 c6 27. Rac1 h5
28. Rc4 Rd5 29. Bc1 h4 30. Qg2 Qxg2+ 31. Kxg2 hxg3 32. hxg3 g5 33. f3 Kg7 34.
Rc2 Kg6 35. Rh1 f6 36. Kf2 Rdd8 37. Bb2 Rh8 38. Rcc1 Kf5 39. g4+ Ke6 40. Kg2
Rdf8 41. f4 gxf4 42. Kf3 f5 43. g5 Rfg8 44. Rcg1 Rxg5 45. Rxh8 Rxg1 46. Ra8
Rf1+ 47. Kg2 Rb1 48. Rxa7 Rxb2 49. Kf3 Ra2 50. Rxb7 Rxa3 51. Kxf4 Ra2 52. Rc7
Kd6 53. Ra7 Rxe2 54. Kxf5 Re3 55. Rxa6 Rxd3 56. Ke4 Rb3 57. Kxd4 Rxb4+ 58. Kc3
Rh4 1/2-1/2

[Event "SUI-chT Joueur-Wollishofen"]
[Site "?"]
[Date "2009.03.22"]
[Round "2.6"]
[White "Burnier, David"]
[Black "Gaehler, Marco"]
[Result "1/2-1/2"]
[WhiteElo "2326"]
[BlackElo "2337"]
[PlyCount "112"]
[EventDate "2009.??.??"]
[SourceDate "2001.01.01"]

1. d4 Nf6 2. c4 g6 3. Nc3 Bg7 4. e4 d6 5. Bd3 Nc6 6. Nge2 e5 7. d5 Nd4 8. Nxd4
exd4 9. Nb5 O-O 10. O-O Re8 11. Re1 Ng4 12. h3 a6 13. hxg4 axb5 14. cxb5 Qh4
15. Bf4 Bxg4 16. Qd2 Be5 17. a4 f5 18. Bxe5 Rxe5 19. f3 fxe4 20. Rxe4 Rxe4 21.
Bxe4 Bd7 22. b3 Re8 23. Qxd4 Bf5 24. a5 Bxe4 25. a6 bxa6 26. bxa6 Qg3 27. fxe4
Qxb3 28. Kh1 Qb5 29. a7 Qb7 30. Qa4 Ra8 31. Kh2 Qb2 32. Ra2 Qb6 33. g3 h5 34.
Kg2 Kg7 35. Qa5 Qb7 36. Qa6 Qb1 37. Qa4 Qb6 38. Qd7+ Kh6 39. Qa4 Kg5 40. Kf3
Rf8+ 41. Kg2 Ra8 42. Qd7 Rxa7 43. Qd8+ Kh6 44. Qh8+ Kg5 45. Rf2 c5 46. Rf8 Ra2+
47. Kh3 Qb2 48. Qxb2 Rxb2 49. Rd8 Rb6 50. Rc8 Kf6 51. Re8 Kf7 52. Re6 c4 53. e5
c3 54. exd6 c2 55. Re7+ Kf6 56. Rc7 Rxd6 1/2-1/2

[Event "SUI-chT Wollishofen-Joueur"]
[Site "?"]
[Date "2009.03.22"]
[Round "2.7"]
[White "Hindermann, Felix"]
[Black "Lamoureux, Charles"]
[Result "0-1"]
[WhiteElo "2328"]
[BlackElo "2366"]
[PlyCount "72"]
[EventDate "2009.??.??"]
[SourceDate "2001.01.01"]

1. e4 c5 2. c3 d6 3. d4 Nf6 4. Bd3 Nc6 5. Nf3 g6 6. O-O Bg7 7. h3 O-O 8. Re1 e5
9. dxe5 dxe5 10. Na3 Nh5 11. Bc4 Nf4 12. Qxd8 Rxd8 13. Be3 b6 14. Ng5 Rf8 15.
Rad1 Na5 16. Bf1 h6 17. Nf3 Be6 18. b3 Rad8 19. g3 Nxh3+ 20. Kh2 Rxd1 21. Rxd1
Bg4 22. Bxh3 Bxf3 23. Rd7 Bxe4 24. Rxa7 f5 25. Re7 g5 26. Nb5 Rd8 27. f3 Bb1
28. c4 Nc6 29. Rc7 Nd4 30. Nc3 Nxf3+ 31. Kg2 g4 32. Bxg4 fxg4 33. Nxb1 e4 34.
Na3 Rd3 35. Kf2 Bd4 36. Bxd4 cxd4 0-1

[Event "SUI-chT Joueur-Wollishofen"]
[Site "?"]
[Date "2009.03.22"]
[Round "2.8"]
[White "Vesin, Jean Robert"]
[Black "Maeser, Fabian"]
[Result "0-1"]
[WhiteElo "2237"]
[BlackElo "2303"]
[PlyCount "40"]
[EventDate "2009.??.??"]
[SourceDate "2001.01.01"]

1. d4 d5 2. a3 Nf6 3. Nf3 c6 4. Bf4 g6 5. h3 Bg7 6. e3 O-O 7. c4 c5 8. Nc3 cxd4
9. exd4 b6 10. Qa4 dxc4 11. Bxc4 Bb7 12. Be2 Nd5 13. Bg3 Nd7 14. Nxd5 Bxd5 15.
O-O a6 16. Rac1 Ra7 17. Rc2 Bh6 18. Rd1 Qa8 19. Bc7 b5 20. Qb4 Rc8 0-1

[Event "SUI-chT Winterthur-Riehen"]
[Site "?"]
[Date "2009.03.22"]
[Round "2.1"]
[White "Jussupow, Artur"]
[Black "Cvitan, Ognjen"]
[Result "1/2-1/2"]
[WhiteElo "2609"]
[BlackElo "2511"]
[PlyCount "51"]
[EventDate "2009.03.22"]
[SourceDate "2001.01.01"]

1. d4 Nf6 2. c4 g6 3. Nc3 Bg7 4. e4 d6 5. f3 O-O 6. Nge2 c5 7. Be3 Nc6 8. d5
Ne5 9. Ng3 e6 10. Be2 exd5 11. cxd5 h5 12. O-O Nh7 13. Qd2 h4 14. Nh1 f5 15.
Nf2 a6 16. a4 Bd7 17. a5 Qf6 18. Nh3 Rae8 19. Nf4 Qf7 20. Ne6 Bxe6 21. dxe6
Rxe6 22. Nd5 Kh8 23. Nf4 Rf6 24. Nd5 Re6 25. Nf4 Rf6 26. Nd5 1/2-1/2

[Event "SUI-chT Riehen-Winterthur"]
[Site "?"]
[Date "2009.03.22"]
[Round "2.2"]
[White "Hickl, Joerg"]
[Black "Forster, Richard"]
[Result "1-0"]
[WhiteElo "2617"]
[BlackElo "2446"]
[PlyCount "117"]
[EventDate "2009.03.22"]
[SourceDate "2001.01.01"]

1. g3 g6 2. Bg2 c5 3. c3 Bg7 4. Nf3 Nc6 5. O-O d5 6. d3 Bg4 7. Nbd2 e6 8. Qa4
Bxf3 9. Nxf3 Nge7 10. Be3 b6 11. d4 c4 12. b3 cxb3 13. axb3 O-O 14. Rfd1 a6 15.
Bf4 Qd7 16. h4 Rfc8 17. Qa3 Qb7 18. c4 b5 19. Bd6 Rd8 20. Bc5 b4 21. Qc1 a5 22.
h5 gxh5 23. Qg5 dxc4 24. bxc4 Ng6 25. Qxh5 h6 26. Rab1 Qc7 27. Nh2 Rac8 28. e3
Nb8 29. Be4 Kh7 30. Nf3 Bf6 31. g4 Kg7 32. g5 hxg5 33. Nxg5 Bxg5 34. Qxg5 f5
35. Bf3 Rh8 36. Kf1 Na6 37. Ke2 Rh6 38. Rh1 Rch8 39. Rxh6 Rxh6 40. Bf8+ Kf7 41.
Qxh6 Qxc4+ 42. Ke1 Nxf8 43. Bh5+ Kg8 44. Qg5+ Kh7 45. Qe7+ Kh6 46. Be2 Qc3+ 47.
Kf1 Ng6 48. Qxe6 Qc2 49. Qb3 Qc6 50. f3 Nc7 51. Kf2 Nd5 52. Bc4 Nf6 53. Rh1+
Kg7 54. Rg1 Qc7 55. Rg2 Kh6 56. Bd3 Qd7 57. Qb1 Ne7 58. Qh1+ Nh5 59. Qh4 1-0

[Event "SUI-chT Winterthur-Riehen"]
[Site "?"]
[Date "2009.03.22"]
[Round "2.3"]
[White "Sutter, Oliver"]
[Black "Ekstroem, Roland"]
[Result "1/2-1/2"]
[WhiteElo "2381"]
[BlackElo "2516"]
[PlyCount "77"]
[EventDate "2009.03.22"]
[SourceDate "2001.01.01"]

1. d4 Nf6 2. c4 e6 3. Nc3 Bb4 4. e3 c5 5. Bd3 d5 6. Nf3 dxc4 7. Bxc4 O-O 8. O-O
Nbd7 9. Qb3 Nb6 10. Be2 cxd4 11. Qxb4 dxc3 12. Qxc3 Nbd5 13. Qe5 Qc7 14. Rd1 b6
15. Bd2 Bb7 16. Rac1 Qxe5 17. Nxe5 Rfc8 18. f3 Ne7 19. Kf2 Rxc1 20. Rxc1 Rc8
21. Rxc8+ Nxc8 22. e4 Ne8 23. Bb4 f6 24. Nc4 e5 25. a4 Kf7 26. g3 Ke6 27. Bf1
Kd7 28. Bh3+ Kd8 29. Be6 Bc6 30. b3 Ne7 31. a5 b5 32. Nb2 Bd7 33. Bf7 Nc6 34.
Bc5 Nxa5 35. Bxa7 Ke7 36. Bd5 Be6 37. Bc5+ Kd7 38. b4 Nc6 39. Bxc6+ 1/2-1/2

[Event "SUI-chT Riehen-Winterthur"]
[Site "?"]
[Date "2009.03.22"]
[Round "2.4"]
[White "Buss, Ralph"]
[Black "Huss, Andreas"]
[Result "1/2-1/2"]
[WhiteElo "2361"]
[BlackElo "2346"]
[PlyCount "80"]
[EventDate "2009.03.22"]
[SourceDate "2001.01.01"]

1. d4 e6 2. c4 Nf6 3. Nc3 Bb4 4. Qc2 d5 5. cxd5 exd5 6. Bg5 h6 7. Bxf6 Qxf6 8.
a3 Bxc3+ 9. Qxc3 O-O 10. e3 Bf5 11. Ne2 Rc8 12. Ng3 Be6 13. b4 a5 14. Be2 axb4
15. axb4 Rxa1+ 16. Qxa1 Qe7 17. Qc3 Nd7 18. O-O Nf6 19. Rc1 g6 20. Bd3 h5 21.
Ne2 Bg4 22. Qc5 Qd7 23. Qa7 b6 24. Qb7 Qd6 25. Qc6 Qxc6 26. Rxc6 Kg7 27. f3 Bd7
28. Rc3 c6 29. Ra3 c5 30. dxc5 bxc5 31. bxc5 Rxc5 32. h4 Bb5 33. Kh2 Bxd3 34.
Rxd3 Kf8 35. Kg3 Ke7 36. Ra3 Ne8 37. Ra7+ Kf6 38. Nf4 Ng7 39. Ra6+ Ke7 40. Ra7+
Kf6 1/2-1/2

[Event "SUI-chT Winterthur-Riehen"]
[Site "?"]
[Date "2009.03.22"]
[Round "2.5"]
[White "Kelecevic, Nedeljko"]
[Black "Brendel, Oliver"]
[Result "1/2-1/2"]
[WhiteElo "2316"]
[BlackElo "2338"]
[PlyCount "71"]
[EventDate "2009.03.22"]
[SourceDate "2001.01.01"]

1. d4 Nf6 2. c4 g6 3. Nc3 d5 4. cxd5 Nxd5 5. e4 Nxc3 6. bxc3 Bg7 7. Be3 c5 8.
Rc1 Qa5 9. Qd2 cxd4 10. cxd4 Qxd2+ 11. Kxd2 O-O 12. Bd3 Nc6 13. Nf3 Rd8 14. Rc4
Bg4 15. d5 Bxf3 16. gxf3 Ne5 17. Rc7 e6 18. f4 exd5 19. exd5 Nxd3 20. Kxd3
Rxd5+ 21. Ke4 Rad8 22. Rb1 b5 23. Rxa7 Bd4 24. Ra5 Bxe3 25. fxe3 Rd2 26. Rbxb5
Rxh2 27. Ra7 Re8+ 28. Re5 Rxe5+ 29. Kxe5 Rc2 30. Kf6 Rc6+ 31. Kg5 Kg7 32. e4
Rc4 33. f5 gxf5 34. Kxf5 Rc2 35. e5 Rf2+ 36. Kg4 1/2-1/2

[Event "SUI-chT Riehen-Winterthur"]
[Site "?"]
[Date "2009.03.22"]
[Round "2.6"]
[White "Flueckiger, Christian"]
[Black "Ballmann, Martin"]
[Result "0-1"]
[WhiteElo "2294"]
[BlackElo "2379"]
[PlyCount "79"]
[EventDate "2009.03.22"]
[SourceDate "2001.01.01"]

1. d4 Nf6 2. Nc3 d5 3. Bg5 Nbd7 4. Nf3 c6 5. e3 g6 6. Be2 Bg7 7. O-O O-O 8. b4
a5 9. a3 Re8 10. Na4 Ne4 11. Bh4 axb4 12. axb4 Rxa4 13. Rxa4 Nc3 14. Qa1 Nxe2+
15. Kh1 h6 16. Qe1 g5 17. Bxg5 Nxd4 18. exd4 hxg5 19. Nxg5 e5 20. f4 Nb6 21.
Ra3 Nc4 22. Ra8 e4 23. Qh4 e3 24. f5 e2 25. Re1 Qe7 26. Qh7+ Kf8 27. Qh5 Nd6
28. Nh7+ Kg8 29. f6 Qe4 30. fxg7 Qxh7 31. Qxh7+ Kxh7 32. Kg1 Kxg7 33. Kf2 Ne4+
34. Kg1 Nc3 35. Ra3 Nd1 36. h3 Bf5 37. c3 Bd3 38. Ra2 Bc4 39. Ra3 Ne3 40. Kf2
0-1

[Event "SUI-chT Winterthur-Riehen"]
[Site "?"]
[Date "2009.03.22"]
[Round "2.7"]
[White "Schiendorfer, Emanuel"]
[Black "Kaenel, Hansjuerg"]
[Result "1/2-1/2"]
[WhiteElo "2297"]
[BlackElo "2328"]
[PlyCount "142"]
[EventDate "2009.03.22"]
[SourceDate "2001.01.01"]

1. d4 Nf6 2. c4 c5 3. d5 b5 4. Qc2 g6 5. e4 d6 6. Nf3 Bg7 7. cxb5 a6 8. Nc3 O-O
9. Be2 axb5 10. Bxb5 Ba6 11. a4 Ne8 12. O-O Nc7 13. Bd2 Nd7 14. Bxa6 Rxa6 15.
Nb5 Ra8 16. Nxc7 Qxc7 17. Bc3 Rfb8 18. Nd2 Qa7 19. Nc4 Qa6 20. Bxg7 Kxg7 21. a5
Rb4 22. Ra4 Rxa4 23. Qxa4 Nb6 24. Nxb6 Qxb6 25. b4 Qxb4 26. Qxb4 cxb4 27. Ra1
f5 28. exf5 gxf5 29. f4 b3 30. a6 b2 31. Rb1 Rxa6 32. Rxb2 Ra4 33. g3 Rd4 34.
Rb5 Rd2 35. h3 Kf6 36. Kf1 Rh2 37. Rb8 Rxh3 38. Kg2 Rh5 39. Rf8+ Kg7 40. Rb8
Rh6 41. Re8 Kf7 42. Rh8 e6 43. dxe6+ Kxe6 44. Re8+ Kd5 45. Rf8 Ke4 46. Re8+ Kd4
47. Rf8 Rh5 48. Re8 d5 49. Re5 Kc4 50. g4 Rh4 51. gxf5 Rxf4 52. Kg3 Rf1 53. Kg2
Ra1 54. f6 Ra8 55. Rf5 Rf8 56. f7 Kc5 57. Kf3 Kd6 58. Kf4 Ke6 59. Re5+ Kxf7 60.
Rf5+ Kg7 61. Rxf8 Kxf8 62. Ke5 Kf7 63. Kxd5 Kf6 64. Ke4 Kg5 65. Kf3 Kh4 66. Kg2
h5 67. Kh2 Kg4 68. Kg2 h4 69. Kh2 h3 70. Kg1 Kg3 71. Kh1 h2 1/2-1/2

[Event "SUI-chT Riehen-Winterthur"]
[Site "?"]
[Date "2009.03.22"]
[Round "2.8"]
[White "Aumann, Welf"]
[Black "Nuri, Kambez"]
[Result "0-1"]
[WhiteElo "2328"]
[BlackElo "2197"]
[PlyCount "56"]
[EventDate "2009.03.22"]
[SourceDate "2001.01.01"]

1. Nf3 d6 2. d4 Nf6 3. Nc3 Nbd7 4. e4 e5 5. g3 Be7 6. Bg2 O-O 7. O-O c6 8. a4
b6 9. b3 Bb7 10. Ba3 a6 11. Re1 b5 12. Bb2 Re8 13. axb5 axb5 14. Na2 Bf8 15.
Nc1 Rxa1 16. Bxa1 exd4 17. Nxd4 Qa5 18. Nd3 c5 19. Nf5 c4 20. Nf4 Bxe4 21. Bxe4
Rxe4 22. Rxe4 Nxe4 23. Bxg7 Bxg7 24. Qg4 Qe1+ 25. Kg2 Qh1+ 26. Kxh1 Nxf2+ 27.
Kg2 Nxg4 28. Nd5 Be5 0-1

[Event "SUI-chT Luzern-Mendrisio"]
[Site "?"]
[Date "2009.03.22"]
[Round "2.1"]
[White "Huebner, Robert"]
[Black "Godena, Michele"]
[Result "1/2-1/2"]
[WhiteElo "2602"]
[BlackElo "2548"]
[PlyCount "36"]
[EventDate "2009.03.23"]
[SourceDate "2001.01.01"]

1. d4 d5 2. c4 c6 3. Nc3 Nf6 4. Nf3 e6 5. e3 a6 6. b3 Bb4 7. Bd2 Nbd7 8. Bd3
O-O 9. O-O Bd6 10. Re1 e5 11. cxd5 cxd5 12. e4 exd4 13. Nxd5 Nxd5 14. exd5 Nf6
15. Bg5 h6 16. Bxf6 Qxf6 17. Re4 Bd7 18. Rxd4 Rac8 1/2-1/2

[Event "SUI-chT Mendrisio-Luzern"]
[Site "?"]
[Date "2009.03.22"]
[Round "2.2"]
[White "Bellini, Fabio"]
[Black "Kurmann, Oliver"]
[Result "1/2-1/2"]
[WhiteElo "2480"]
[BlackElo "2441"]
[PlyCount "108"]
[EventDate "2009.03.23"]
[SourceDate "2001.01.01"]

1. e4 c5 2. Nf3 e6 3. b3 b6 4. c4 Bb7 5. Nc3 Nf6 6. e5 Ne4 7. Bb2 Nxc3 8. Bxc3
Nc6 9. g3 Be7 10. Bg2 O-O 11. O-O Qc7 12. Re1 Rfd8 13. h4 h6 14. d4 cxd4 15.
Nxd4 Nxd4 16. Qxd4 Bxg2 17. Kxg2 Qc6+ 18. Kg1 d5 19. exd6 Bf6 20. Qe3 Bxc3 21.
Qxc3 Rxd6 22. Rad1 Rad8 23. Rxd6 Qxd6 24. Rc1 Qa3 25. Rc2 Rd1+ 26. Kg2 Qd6 27.
Qf3 Ra1 28. h5 a5 29. Rc3 Rd1 30. c5 bxc5 31. Rxc5 Qxc5 32. Qxd1 g6 33. hxg6
fxg6 34. Qd7 Qe5 35. Qe8+ Kg7 36. Qe7+ Kg8 37. Qe8+ Kg7 38. Qe7+ Kg8 39. Qb7 h5
40. a3 Qf5 41. b4 axb4 42. axb4 g5 43. b5 h4 44. Qb8+ Kf7 45. gxh4 Qe4+ 46. Kg3
gxh4+ 47. Kh2 e5 48. Qc7+ Ke6 49. Qb6+ Kd7 50. Qf6 Kc7 51. Kh3 Qh1+ 52. Kg4
Qe4+ 53. Kh3 Qh1+ 54. Kg4 Qe4+ 1/2-1/2

[Event "SUI-chT Luzern-Mendrisio"]
[Site "?"]
[Date "2009.03.22"]
[Round "2.3"]
[White "Papa, Severin"]
[Black "Mantovani, Renzo"]
[Result "1-0"]
[WhiteElo "2449"]
[BlackElo "2386"]
[PlyCount "63"]
[EventDate "2009.03.23"]
[SourceDate "2001.01.01"]

1. d4 d6 2. e4 Nf6 3. Nc3 g6 4. Be3 c6 5. h3 Bg7 6. Nf3 O-O 7. Qd2 b5 8. Bd3
Bb7 9. e5 b4 10. Ne2 Nd5 11. Bh6 Nd7 12. h4 dxe5 13. Bxg7 Kxg7 14. h5 Rh8 15.
dxe5 Nc5 16. Bc4 h6 17. hxg6 fxg6 18. O-O-O Qb6 19. Rh4 Rad8 20. Ned4 Ba6 21.
Nxc6 Bxc4 22. Rxc4 Qxc6 23. Nd4 Qa6 24. Rxc5 Kh7 25. Kb1 Rhf8 26. Rc6 Qb7 27.
Ka1 h5 28. Qg5 Nf4 29. Rxg6 Nxg6 30. Qxh5+ Kg7 31. Ne6+ Kf7 32. Ng5+ 1-0

[Event "SUI-chT Mendrisio-Luzern"]
[Site "?"]
[Date "2009.03.22"]
[Round "2.4"]
[White "Aranovitch, Emiliano"]
[Black "Borgo, Giulio"]
[Result "0-1"]
[WhiteElo "2334"]
[BlackElo "2431"]
[PlyCount "114"]
[EventDate "2009.03.23"]
[SourceDate "2001.01.01"]

1. e4 d5 2. exd5 Qxd5 3. Nc3 Qd6 4. d4 c6 5. Nf3 Nf6 6. Ne5 Nbd7 7. Nc4 Qc7 8.
Qf3 Nb6 9. h3 Be6 10. Ne5 Nbd5 11. Bc4 g6 12. O-O Bg7 13. Bg5 O-O 14. Bb3 Rad8
15. Rfe1 Nxc3 16. Bxe6 Nb5 17. Nxf7 Rxf7 18. c3 Rdf8 19. Re2 Qd8 20. Bf4 Nd5
21. Be5 Nbc7 22. Bxf7+ Rxf7 23. Qg3 Ne6 24. Bxg7 Nxg7 25. Rae1 Nf4 26. Re4 Qd6
27. c4 e6 28. a3 a6 29. Qe3 g5 30. Re5 h6 31. Qc3 Rd7 32. R5e4 Rf7 33. Re5 Rf8
34. a4 Rf7 35. b4 Rd7 36. R5e4 Rf7 37. Re5 Ng6 38. R5e4 Kh7 39. Qe3 Nf4 40. Qc3
Nf5 41. d5 cxd5 42. cxd5 exd5 43. Re8 d4 44. Qc4 Qf6 45. Rd8 Nxg2 46. Ree8 Nf4
47. Rh8+ Kg6 48. Rhg8+ Ng7 49. Kh2 Qf5 50. Qf1 Nfe6 51. Rc8 d3 52. Rc1 Qe5+ 53.
Kg1 Nf4 54. Rd1 Ne2+ 55. Kg2 Qd5+ 56. f3 Rc7 57. Rf8 Nf5 0-1

[Event "SUI-chT Luzern-Mendrisio"]
[Site "?"]
[Date "2009.03.22"]
[Round "2.5"]
[White "Zueger, Beat"]
[Black "Vezzosi, Paolo"]
[Result "1-0"]
[WhiteElo "2415"]
[BlackElo "2312"]
[PlyCount "77"]
[EventDate "2009.03.23"]
[SourceDate "2001.01.01"]

1. c4 e5 2. Nc3 Nc6 3. g3 g6 4. Bg2 Bg7 5. e3 d6 6. Nge2 Nh6 7. d3 O-O 8. O-O
Be6 9. Nd5 Qd7 10. Bd2 Nd8 11. e4 f5 12. Qc2 c6 13. Ndc3 Ndf7 14. Rae1 g5 15.
f4 gxf4 16. gxf4 Kh8 17. Ng3 fxe4 18. Ncxe4 Bg4 19. Nf2 exf4 20. Bxf4 Ne5 21.
Qd2 Nhf7 22. Nxg4 Qxg4 23. Be3 Ng6 24. Kh1 Nfe5 25. Be4 Nh4 26. Rc1 h5 27. Bh6
Nef3 28. Bxg7+ Kxg7 29. Qc3+ Kg8 30. Rg1 Nxg1 31. Rxg1 Nf3 32. Rg2 Nh4 33. Nf5
Qxg2+ 34. Bxg2 Nxf5 35. Qd2 Ng7 36. Qh6 Rae8 37. Be4 Rf2 38. Kg1 Rxb2 39. Bh7+
1-0

[Event "SUI-chT Mendrisio-Luzern"]
[Site "?"]
[Date "2009.03.22"]
[Round "2.6"]
[White "Salvetti, Alec"]
[Black "Almada, Enrique"]
[Result "1/2-1/2"]
[WhiteElo "2271"]
[BlackElo "2326"]
[PlyCount "83"]
[EventDate "2009.03.23"]
[SourceDate "2001.01.01"]

1. Nf3 Nf6 2. c4 b6 3. g3 Bb7 4. Bg2 e6 5. O-O Be7 6. Nc3 c5 7. Re1 d5 8. Ne5
O-O 9. d4 Nbd7 10. Bf4 cxd4 11. Qxd4 Bc5 12. Qd1 Nxe5 13. Bxe5 Bxf2+ 14. Kxf2
Ng4+ 15. Kg1 Nxe5 16. cxd5 exd5 17. Bxd5 Bxd5 18. Qxd5 Qg5 19. Rad1 Rad8 20.
Qe4 Rde8 21. Rd5 h6 22. Rf1 f5 23. Qd4 Ng4 24. Rd7 Qe3+ 25. Qxe3 Nxe3 26. Rf3
Rf7 27. Rxf7 Kxf7 28. Nb5 Kg6 29. Nxa7 Nc4 30. Rc3 Nxb2 31. Kf1 Re6 32. Ke1 Na4
33. Rc4 Nc5 34. Nc8 Ne4 35. Rb4 Nc3 36. Rxb6 Rxb6 37. Nxb6 Nxa2 38. Nd5 Nc1 39.
Kd2 Nb3+ 40. Kc3 Nc5 41. Kd4 Nd7 42. e4 1/2-1/2

[Event "SUI-chT Luzern-Mendrisio"]
[Site "?"]
[Date "2009.03.22"]
[Round "2.7"]
[White "Loetscher, Roland"]
[Black "Patuzzo, Fabrizio"]
[Result "1/2-1/2"]
[WhiteElo "2356"]
[BlackElo "2260"]
[PlyCount "88"]
[EventDate "2009.03.23"]
[SourceDate "2001.01.01"]

1. d4 d5 2. c4 c6 3. Nf3 Nf6 4. Qc2 g6 5. Bf4 Bf5 6. Qb3 Qb6 7. e3 Nbd7 8. Nc3
Bg7 9. h3 h6 10. Be2 O-O 11. O-O Rfd8 12. Rfc1 g5 13. Bh2 e6 14. h4 dxc4 15.
Qxb6 axb6 16. hxg5 hxg5 17. Bxc4 b5 18. Bb3 b4 19. Ne2 Ne4 20. Rd1 c5 21. Rac1
b5 22. dxc5 Bxb2 23. c6 Bxc1 24. Rxc1 Ndc5 25. Nfd4 Nd3 26. c7 Rdc8 27. Rc6
Nexf2 28. Nxf5 exf5 29. Nd4 f4 30. exf4 gxf4 31. Nf5 Ne5 32. Rc2 Nfd3 33. Bd5
b3 34. Bxb3 Kf8 35. Nd6 Ke7 36. Nxc8+ Rxc8 37. a4 bxa4 38. Bxa4 Kd6 39. Bb5
Rxc7 40. Rxc7 Kxc7 41. Kf1 Kd6 42. Bxd3 Nxd3 43. Ke2 Nc5 44. Bxf4+ Ke6 1/2-1/2

[Event "SUI-chT Mendrisio-Luzern"]
[Site "?"]
[Date "2009.03.22"]
[Round "2.8"]
[White "Karl, Hans"]
[Black "Raeber, Markus"]
[Result "0-1"]
[WhiteElo "2204"]
[BlackElo "2290"]
[PlyCount "78"]
[EventDate "2009.03.23"]
[SourceDate "2001.01.01"]

1. d4 Nf6 2. c4 g6 3. Nc3 Bg7 4. e4 d6 5. Be2 O-O 6. Bg5 a6 7. Nf3 c5 8. d5 b5
9. Qc2 bxc4 10. Bxc4 Nbd7 11. O-O Ne8 12. Rfe1 Nc7 13. a4 Rb8 14. Rad1 f6 15.
Be3 Rb4 16. b3 Na8 17. Na2 Rb8 18. Rb1 Ndb6 19. Bd3 a5 20. Bd2 Bg4 21. Nh4 Bd7
22. Bxa5 e5 23. g3 Qc8 24. Rec1 f5 25. Bd2 fxe4 26. Bxe4 Nc7 27. Qd3 c4 28.
bxc4 Nxa4 29. Bb4 Qa6 30. Qa3 Bh6 31. Re1 Qxc4 32. Bxd6 Nb5 33. Qb4 Qxa2 34.
Bxb8 Qxf2+ 35. Kh1 Bd2 36. Qe7 Bxe1 37. Bg2 Qf7 38. Qxf7+ Kxf7 39. Rxe1 Rxb8
0-1

[Event "SUI-chT Reichenstein-Geneve"]
[Site "?"]
[Date "2009.06.13"]
[Round "2.1"]
[White "Sokolov, Andrei"]
[Black "Renet, Olivier"]
[Result "1/2-1/2"]
[WhiteElo "2562"]
[BlackElo "2533"]
[PlyCount "23"]
[EventDate "2009.04.29"]
[SourceDate "2001.01.01"]

1. e4 c5 2. Nf3 d6 3. Bb5+ Bd7 4. Bxd7+ Qxd7 5. O-O Nc6 6. c4 g6 7. Nc3 Bg7 8.
d3 Nf6 9. Nd5 O-O 10. Rb1 Rab8 11. b3 b5 12. Bg5 1/2-1/2

[Event "SUI-chT Geneve-Reichenstein"]
[Site "?"]
[Date "2009.06.13"]
[Round "2.2"]
[White "Miralles, Gilles"]
[Black "Riff, Jean-Noel"]
[Result "0-1"]
[WhiteElo "2465"]
[BlackElo "2469"]
[PlyCount "68"]
[EventDate "2009.04.29"]
[SourceDate "2001.01.01"]

1. e4 c5 2. Nf3 d6 3. d4 Nf6 4. Nc3 cxd4 5. Nxd4 e6 6. g4 h6 7. Bg2 Nc6 8. h3
a6 9. O-O Bd7 10. b3 Rc8 11. Bb2 Qa5 12. Re1 Be7 13. Qd2 Nxd4 14. Qxd4 Bc6 15.
Nd5 exd5 16. exd5 Bxd5 17. Bxd5 Qxd5 18. Qf4 Kf8 19. Rad1 Qg5 20. Qg3 Ne8 21.
c4 h5 22. Re4 hxg4 23. Rxg4 Qh5 24. Rd3 Rh7 25. Kg2 Rc5 26. Re3 Rg5 27. Rxe7
Rxg4 28. Rxe8+ Kxe8 29. Qxg4 Qxg4+ 30. hxg4 Kd7 31. f4 g6 32. Bf6 Ke6 33. Bd4
f5 34. Kg3 Rh1 0-1

[Event "SUI-chT Reichenstein-Geneve"]
[Site "?"]
[Date "2009.06.13"]
[Round "2.3"]
[White "Volke, Karsten"]
[Black "Landenbergue, Claude"]
[Result "1/2-1/2"]
[WhiteElo "2462"]
[BlackElo "2394"]
[PlyCount "47"]
[EventDate "2009.04.29"]
[SourceDate "2001.01.01"]

1. d4 Nf6 2. c4 e6 3. Nc3 Bb4 4. Nf3 d5 5. cxd5 exd5 6. Bg5 h6 7. Bxf6 Qxf6 8.
Qb3 Qd6 9. e3 O-O 10. Bd3 Bxc3+ 11. Qxc3 Bg4 12. Ne5 Be6 13. Rc1 Rc8 14. O-O f6
15. Ng6 Nd7 16. b4 c6 17. h3 Nf8 18. Nxf8 Qxf8 19. a4 a6 20. Qc5 Qxc5 21. Rxc5
Kf8 22. Rb1 Ke7 23. f3 Kd6 24. Kf2 1/2-1/2

[Event "SUI-chT Geneve-Reichenstein"]
[Site "?"]
[Date "2009.06.13"]
[Round "2.4"]
[White "Fargere, Francois"]
[Black "Kuehn, Peter"]
[Result "1/2-1/2"]
[WhiteElo "2444"]
[BlackElo "2412"]
[PlyCount "53"]
[EventDate "2009.04.29"]
[SourceDate "2001.01.01"]

1. e4 c6 2. d4 d5 3. Nc3 dxe4 4. Nxe4 Bf5 5. Ng3 Bg6 6. h4 h6 7. Nf3 Nd7 8. h5
Bh7 9. Bd3 Bxd3 10. Qxd3 e6 11. Bd2 Qc7 12. O-O-O Ngf6 13. Ne4 O-O-O 14. g3
Nxe4 15. Qxe4 Nf6 16. Qe2 Bd6 17. c4 c5 18. Bc3 cxd4 19. Nxd4 a6 20. Nb3 Qc6
21. Na5 Qc7 22. Nb3 Rd7 23. Kb1 Qc6 24. Na5 Qc5 25. Nb3 Qc6 26. Na5 Qc5 27. Nb3
1/2-1/2